00436nam a22001097a 4500082001200000100002000012245017200032260003700204300001900241650003700260700002900297 a620.005 aSajjad, Zunaira aAnalysis of Challenges to Total Quality Management Implementation in Federal Government Educational Institutions (Cantonments/ Garrisons) in Pakistan /cZunaira Sajjad aIslamabad :bCEME - NUST,c2017. a75 p. ;c30cm. aEngineering Management-MS-Thesis aDr. Tasweer Hussain Syed